| 000 | 00459cam a22001694a 4500 | ||
|---|---|---|---|
| 020 | _a157808363X | ||
| 040 | _cDLC | ||
| 041 | 1 | _hfre | |
| 082 | 0 | 0 | _a631 SCI 2006 A110 Or. |
| 100 | 1 | _aLegros, Jean-Paul. | |
| 245 | 1 | 0 | _aMapping of the soil / |
| 260 |
_aEnfield, NH : _bScience Publishers, _cc2006. |
||
| 300 |
_axv, 411 p. : _bill., maps ; _c25 cm. |
||
| 500 | _aRev. translation of: Cartographies des sols. 1996. | ||
| 650 | 0 | _aSoil mapping. | |
| 942 | _cFB | ||
| 999 |
_c16706 _d16706 |
||